| 000 | 00524nam a22001937a 4500 | ||
|---|---|---|---|
| 003 | NUST - PNEC | ||
| 005 | 20170116180825.0 | ||
| 008 | 150702b xxu||||| |||| 00| 0 eng d | ||
| 020 | _a0074621157 | ||
| 040 | _cLIBRARY | ||
| 082 | _a507.6 MAL | ||
| 100 |
_94317 _aMalhotra, S. |
||
| 245 |
_aQuestion bank in science : for class X _cS. Malhotra |
||
| 250 | _a- | ||
| 260 |
_aNew Delhi _bTata McGraw-Hill Publishing Company Limited _cc1995. |
||
| 300 | _a276 p. : | ||
| 650 |
_94318 _aScience _xGeneral |
||
| 942 |
_2ddc _cBK |
||
| 999 |
_c63857 _d63857 |
||